Les Simpson : le Grand Quiz - Statistiques

Statistiques générales
  • Ce quiz a été pris 483 fois
    473 depuis la dernière actualisation
  • Le résultat moyen est 29 sur 45
Statistiques - réponses
Questions Réponses % Correct
Quelle est la couleur de peau caractéristique des personnages de la série ? Jaune
99%
Dans quelle ville se déroule l’action de la série "Les Simpson" ? Springfield
97%
Quel est le nom du clown célèbre de la série ? Krusty le Clown
95%
De quel instrument de musique Lisa joue-t-elle régulièrement ? Le Saxophone
95%
Comment s'appelle le patron du bar dans lequel Homer et ses amis se retrouvent régulièrement ? Moe Szyslak
94%
Quelle est la marque de bière emblématique consommée par Homer ? Duff
92%
Quel criminel à la chevelure bouclée est l’ennemi juré de Bart ? Tahiti Bob
89%
Quels animaux sont Itchy et Scratchy, les héros du dessin animé préféré de Bart et Lisa ? Un chat et une souris
89%
Comment s’appelle le chien de la famille ? Petit Papa Noël
87%
Dans le film "Les Simpson" sorti en 2007, quel surnom donne Homer à son cochon ? Spider-Cochon
87%
Quel est le nom du créateur de la série "Les Simpson" ? Matt Groening
85%
Comment se prénomment les sœurs jumelles de Marge ? Patty et Selma
84%
Il est le gérant du Kwik-E-Mart (la supérette locale), et est père de 8 enfants. Apu Nahasapeemapetilon
77%
Il est le voisin religieux des Simpson, et le souffre-douleur d'Homer. Ned Flanders
77%
Il est le propriétaire de la centrale nucléaire de la ville et dit souvent, en joignant les mains, « Excellent ! ». Charles Montgomery Burns
76%
Bébé de la famille, elle ne parle presque jamais… mais a déjà tiré sur l'homme le plus riche de la ville. Maggie Simpson
75%
Boule de Neige
74%
Il travaille au poste d'inspecteur de la sécurité dans une centrale nucléaire, et il adore les donuts. Homer Simpson
74%
Il dit souvent « Ha-ha ! », et ne rate jamais une occasion de se moquer de Bart. Nelson Muntz
72%
Qui est le maire de cette ville ? Joe Quimby
71%
Willie le Jardinier
71%
De son vrai nom "Armin Tamzarian", il est le directeur de l’école élémentaire. Seymour Skinner
67%
Il est l’ami alcoolique d’Homer, toujours présent à la Taverne. Barney Gumble
65%
Clancy Wiggum
65%
Elle est l’institutrice de Bart… plus célèbre pour ses aventures amoureuses que pour ses méthodes d’enseignement. Edna Krapabelle
63%
Carl Carlson
61%
Quel est le nom de la ville rivale de celle où vit la famille Simpson ? Shelbyville
61%
Timothy Lovejoy
59%
Chester Turley (Le Serpent)
55%
Disco Stu
53%
Jeff Albertson (Le vendeur de BD)
53%
Il est le médecin de la famille Simpson… connu pour toujours rire aux éclats (même dans les moments les plus inappropriés). Sa réplique préférée pourrait d'ailleurs être : « Il vous reste 24 heures à vivre… enfin, 22. Désolé de vous avoir fait attendre si longtemps. Huh huh huh ! ». Dr. Julius Hibbert
52%
Cletus Spuckler
49%
Kent Brockman
46%
Rod Flanders
45%
Mona Simpson
41%
Il est le scientifique fou, ayant pour particularité sa voix nasillarde et ses pantalons bouffants. Professeur Frink
39%
Il est le super-héros imaginaire préféré de Bart. Radioactive Man
38%
Sherri et Terri Mackleberry
35%
Luann Van Houten
34%
Quelle est l'adresse de la famille Simpson ? 742 Evergreen Terrace
33%
Il est l’homme-taupe de la ville. Hans Taupeman
32%
Nick Riviera
24%
Il est l'avocat incompétent de la famille Simpson. Lionel Hutz
21%
Vous vous souviendrez sans doute de cet acteur dans des pubs ou films bas de gamme tels que "Tu ne déroberas point", ou encore "Un tramway nommé Marge". Troy McClure
21%
Aucun quiz correspondant
Distribution des résultats
% des personnes avec chaque résultat
Percentile par nombre de réponses
Votre historique - résultats
Vous n’avez pas pris ce quiz depuis la dernière actualisation